000 00794nam a2200253Ia 4500
003 OSt
005 20220930185242.0
006 a|||||r|||| 00| 0
007 ta
008 220926b |||||||| |||| 00| 0 eng d
020 _a9780415773812 (hbk)
_c711.18
024 _a1115
037 _b08-04768, 02/02/2009, Atlantic Publisher & Dist. Pvt Ltd.
_cTextbook
040 _aCRL
_cCRL
_beng
041 _2eng
_aeng
082 _aR211, 111P4
100 _aMerleau-Ponty Maurice
_912254
245 0 _aWorld of perception
260 _aLondon
_bRoutledge Taylor UK
_c2008
300 _aviii,95p.
_ccm.
650 _aPHILOSOPHY
942 _hR211, 111P4
_cTB
_2CC
999 _c889828
_d889828